=LDR 00000nam 2200000 4500 =001 INLIS000000000045699 =005 20231113094449 =035 ##$$a 0010-021500000000259 =008 231113################g##########0#ind## =020 ##$$a 978-979-027-289-7 =040 ##$$a NBPDMAT =082 ##$$a R.540.3 =090 ##$$a 540.3 $b Cah k =100 ##$$a Cahya Budi Kartiawan =245 1#$$a Kamus Kimia /$c Cahya Budi Kartiawan; penyunting Kuncoro =250 ##$$a Cet.1 =260 ##$$a Bandung :$b Titian Ilmu,$c 2013 =300 ##$$a iv, 116 hlm. : $b ilus. ; $c 21 x 15 cm. =500 ##$$a Bibliografi : hlm.116 =650 #4$$a Kimia - Kamus =700 #$$a Kuncoro =850 ##$$a NBPDMAT =084 ##$$a R.540.3 CAH k =990 ##$$a 21423027 =990 ##$$a 21423028 =990 ##$$a 21423029 =990 ##$$a 21423030 =990 ##$$a 21423031 =990 ##$$a 21423028 =990 ##$$a 21423027 =990 ##$$a 21423029 =990 ##$$a 21423030 =990 ##$$a 21423031 =990 ##$$a 21423029 =990 ##$$a 21423027 =990 ##$$a 21423028 =990 ##$$a 21423030 =990 ##$$a 21423031 =990 ##$$a 21423031 =990 ##$$a 21423027 =990 ##$$a 21423028 =990 ##$$a 21423029 =990 ##$$a 21423030 =990 ##$$a 21423030 =990 ##$$a 21423027 =990 ##$$a 21423028 =990 ##$$a 21423029 =990 ##$$a 21423031 =990 ##$$a 21423027 =990 ##$$a 21423028 =990 ##$$a 21423029 =990 ##$$a 21423030 =990 ##$$a 21423031 =990 ##$$a 21408091 =990 ##$$a 21423027 =990 ##$$a 21423028 =990 ##$$a 21423029 =990 ##$$a 21423030 =990 ##$$a 21423031 =990 ##$$a 21408090 =990 ##$$a 21408091 =990 ##$$a 21423027 =990 ##$$a 21423028 =990 ##$$a 21423029 =990 ##$$a 21423030 =990 ##$$a 21423031 =990 ##$$a 21408089 =990 ##$$a 21408090 =990 ##$$a 21408091 =990 ##$$a 21423027 =990 ##$$a 21423028 =990 ##$$a 21423029 =990 ##$$a 21423030 =990 ##$$a 21423031 =990 ##$$a 21408088 =990 ##$$a 21408089 =990 ##$$a 21408090 =990 ##$$a 21408091 =990 ##$$a 21423027 =990 ##$$a 21423028 =990 ##$$a 21423029 =990 ##$$a 21423030 =990 ##$$a 21423031 =990 ##$$a 21408087 =990 ##$$a 21408088 =990 ##$$a 21408089 =990 ##$$a 21408090 =990 ##$$a 21408091 =990 ##$$a 21423027 =990 ##$$a 21423028 =990 ##$$a 21423029 =990 ##$$a 21423030 =990 ##$$a 21423031 =990 ##$$a 21408090 =990 ##$$a 21408087 =990 ##$$a 21408088 =990 ##$$a 21408089 =990 ##$$a 21408091 =990 ##$$a 21423027 =990 ##$$a 21423028 =990 ##$$a 21423029 =990 ##$$a 21423030 =990 ##$$a 21423031 =990 ##$$a 21408091 =990 ##$$a 21408087 =990 ##$$a 21408088 =990 ##$$a 21408089 =990 ##$$a 21408090 =990 ##$$a 21423027 =990 ##$$a 21423028 =990 ##$$a 21423029 =990 ##$$a 21423030 =990 ##$$a 21423031 =990 ##$$a 21408089 =990 ##$$a 21408087 =990 ##$$a 21408088 =990 ##$$a 21408090 =990 ##$$a 21408091 =990 ##$$a 21423027 =990 ##$$a 21423028 =990 ##$$a 21423029 =990 ##$$a 21423030 =990 ##$$a 21423031 =990 ##$$a 21408087 =990 ##$$a 21408088 =990 ##$$a 21408089 =990 ##$$a 21408090 =990 ##$$a 21408091 =990 ##$$a 21423027 =990 ##$$a 21423028 =990 ##$$a 21423029 =990 ##$$a 21423030 =990 ##$$a 21423031 =990 ##$$a 21408088 =990 ##$$a 21408087 =990 ##$$a 21408089 =990 ##$$a 21408090 =990 ##$$a 21408091 =990 ##$$a 21423027 =990 ##$$a 21423028 =990 ##$$a 21423029 =990 ##$$a 21423030 =990 ##$$a 21423031